000 00595cam a2200217 4500
001 J3653
008 090401t1996 xxu||||| |||| 00| 0 eng d
035 _a(Sirsi) u56262
041 _aeng
050 _a333.3370942297
110 _aLambert Smith Hampton
_92865
245 _aSlough office quarterly report. - First quarter 1996 - Second quarter 1996
260 _aSlough
_bLambert Smith Hampton
_c1996
300 _a2 pt. ; 30cm.
350 _a0
650 _aFLOORSPACE STATISTICS
650 _aOFFICES
690 _aPROPERTY-COMMERCIAL PROPERTY
942 _n0
948 _c04/03/1997
999 _c93757
_d93757